|
|
|
|
| LEADER |
00000nab a2200000 a 4500 |
| 001 |
vtls000169440 |
| 003 |
SK-MaSNL |
| 005 |
20260305024415.0 |
| 008 |
111104c1983 xo 0 slo |
| 015 |
|
|
|a SNBRB19rr/mm-uuuuu
|
| 035 |
|
|
|a CL0179551
|
| 040 |
|
|
|a SNKBUCL
|b slo
|c SNKBUCL
|e AACR2
|
| 041 |
0 |
|
|a slo
|
| 044 |
|
|
|a xo
|c SK
|
| 080 |
|
|
|a 330.341.1
|2 1981
|
| 080 |
|
|
|a 330.342.151
|2 1981
|
| 100 |
1 |
|
|a Kočuta, Štefan
|4 aut
|9 877677
|
| 245 |
1 |
0 |
|a Inovácia - móda alebo nevyhnutnosť?
|b Náš rozhovor s členom predsedníctva a tajomníkom VS KV KSS L. Bobčákom
|c Štefan Kočuta, L. Bobčák
|
| 300 |
|
|
|b Obr. 1.
|
| 650 |
0 |
7 |
|a národné hospodárstvo
|2 snkbucl
|9 846
|
| 650 |
0 |
7 |
|a inovácia
|2 snkbucl
|9 319141
|
| 651 |
|
7 |
|a 5400
|2 snkbucl
|9 279426
|
| 655 |
|
7 |
|a články z novín a časopisov
|2 snkbucl
|9 267496
|
| 700 |
1 |
|
|a Bobčák, L.
|4 aut
|9 1603175
|
| 773 |
0 |
|
|t Východoslovenské noviny
|g Roč. 32, č. 303 (23. 12. 1983), s. 1 a 4
|
| 850 |
|
|
|a Slovenská národná knižnica v Martine
|a MTA001
|
| 852 |
|
|
|a SNK
|b KIS3GCP
|
| 958 |
|
|
|a RK
|
| 992 |
|
|
|a RBX
|
| 999 |
|
|
|c 3302321
|d 3304251
|